00554 a2200169 4500020001800000040001300018082001100031100002200042245004100064260002700105300001100132650002300143700002100166942002400187999001700211952015600228 a9780099273974 aDLCbDLC a813.52 aHemingway, Ernest aA farewell to armscErnest Hemingway aLondonbVintagec1999. a293 p. aMilitary deserters aErnest Hemingway cBKk813.52 HEM2ddc c10799d10799 001040708NFICaCLbCLcGENd2012-03-27eEagle Information Marketingg1070.85l12m4o813.52 HEMpSEECS010950r2026-01-30s2023-02-02w2017-01-05yBK